000 00371cam a22001217a 4500
008 180718b1972 xxu||||| |||| 00| 0 eng d
082 _aA81x54 In2/71/1/Pap2/1972
100 _aCensus of India 1971
245 _aIndia: religion
260 _aDelhi
_bThe Manager of Publications
_c1972
300 _a110+p.
440 _aCensus of India 1971. Series-1, India. Paper 2 of 1972
999 _c484802
_d484802